Normal view
MARC view
- Zhai, Jinyi,
Entry Personal Name
001 - CONTROL NUMBER
- control field: 83175
003 - CONTROL NUMBER IDENTIFIER
- control field: NUST
005 - DATE AND TIME OF LATEST TRANSACTION
- control field: 20211014183051.0
008 - FIXED-LENGTH DATA ELEMENTS
- fixed length control field: 211014|| aca||aabn | a|a d
040 ## - CATALOGING SOURCE
- Original cataloging agency: NUST
- Transcribing agency: NUST
100 ## - HEADING--PERSONAL NAME
- Personal name: Zhai, Jinyi,
- Dates associated with a name: 1986-
670 ## - SOURCE DATA FOUND
- Source citation: Work cat.: (NUST)0: 880-01 Zhang, Haipeng, 1939- author. 83174, A brief modern Chinese history , 2019
